| 000 | 00477nam a2200133Ia 4500 | ||
|---|---|---|---|
| 008 | 170221s9999 xx 000 0 und d | ||
| 100 | _aThomas E. Wilson | ||
| 245 | _aGender board diversity: further evidence on women in corporate governance | ||
| 245 | _cThomas E. Wilson, Jr., University of Louisiana at Lafayette. | ||
| 260 | _bJournal of Management and Marketing Research | ||
| 260 | _c2013 | ||
| 650 | _xBusiness | ||
| 856 | _uhttp://www.aabri.com/manuscripts/141855.pdf | ||
| 999 |
_c309545 _d309545 |
||